000 00698nam a2200217 i 4500
001 bg
100 1 _aOGONOWSKI, Jan
245 1 0 _aPrzeróbka paliw stałych, ciekłych i gazowych :
_bpomoc dydaktyczna /
_cJan Ogonowski.
260 _aKraków :
_bPK,
_c1994.
300 _a88 s. :
_brys., wykr. ;
_c24 cm.
490 1 _aPomoce Dydaktyczne / Politechnika Krakowska im. Tadeusza Kościuszki
504 _aBibliogr. s. 88.
650 9 _aPaliwa
655 _aPodręczniki akademickie
830 0 _aPomoce Dydaktyczne (Politechnika Krakowska im. Tadeusza Kościuszki)
040 _cBPK
041 0 _apl
080 _a662.7/.8](075.8)
942 _cKS
008 s pl f |000 0 pol
999 _c6669
_d6669
856 _uhttp://koha.tu.koszalin.pl/cgi-bin/koha/opac-detail.pl?biblionumber=6669
_yKatalog online BPK